Sports Quiz

Random Sports or Soccer Quiz

Ukrainian Premier League Teams 2016-17 Quiz Stats

Quiz not verified by Sporcle

Challenge
Share
Tweet
Embed
Score 0/12 Timer 06:00
0 Plays Today
Club % Correct
Dynamo Kiev
100%
Shakhtar Donetsk
97.6%
Dnipro Dnipropetrovsk
82.9%
Karpaty Lviv
51.2%
Zorya Luhansk
51.2%
Chornomorets Odessa
41.5%
Zirka Kropyvnytskyi
39%
Vorskla Poltava
39%
Oleksandriya
36.6%
Stal Kamianske
34.1%
Olimpik Donetsk
29.3%
Volyn Lutsk
26.8%

You're not logged in!

Compare scores with friends on all Sporcle quizzes.
Sign Up with Email
OR
Log In

You Might Also Like...

Show Comments

Extras

Top Quizzes Today


Score Distribution

Your Account Isn't Verified!

In order to create a playlist on Sporcle, you need to verify the email address you used during registration. Go to your Sporcle Settings to finish the process.